[Event "Duisburg Grossenbaum op"]
[Site "Duisburg"]
[Date "2004.05.29"]
[Round "3"]
[White "Mietner, Franz"]
[Black "Schlomberg, Christoph"]
[Result "0-1"]
[WhiteElo "2042"]
[BlackElo "1736"]
[PlyCount "68"]
[EventDate "2004.05.28"]
[EventType "swiss"]
[EventRounds "7"]
[EventCountry "GER"]
[SourceTitle "EXT 2006"]
[Source "ChessBase"]
[SourceDate "2005.11.24"]
[SourceVersion "1"]
[SourceVersionDate "2005.11.24"]
[SourceQuality "1"]

1. e4 e5 2. Nf3 Nc6 3. Bb5 f5 4. d3 Nf6 5. Bg5 Be7 6. Nc3 d6 7. 0-0 0-0 8. Nh4 fxe4 9. dxe4 Kh8 10. Qd2 Nd4 11. Bd3 Ng4 12. f4 Be6 13. h3 exf4 14. Rxf4 Rxf4 15. Bxe7 Qxe7 16. Qxf4 Rf8 17. Qg3 Ne5 18. Ne2 Qxh4 19. Qxh4 Ndf3+ 20. gxf3 Nxf3+ 21. Kg2 Nxh4+ 22. Kg3 g5 23. Nd4 Bd7 24. Rf1 Rxf1 25. Bxf1 Kg7 26. Bc4 Kf6 27. Bd3 Ng6 28. Nf3 h5 29. h4 gxh4+ 30. Nxh4 Nxh4 31. Kxh4 Bg4 32. a4 Ke5 33. c3 Kf4 34. Bb1 Bf3 0-1

[Event "GER-chT U12"]
[Site "Seifhennersdorf"]
[Date "2001.12.28"]
[Round "4.3"]
[White "Schlomberg, Christoph"]
[Black "Oertel, Thomas"]
[Result "1/2-1/2"]
[WhiteElo "1180"]
[BlackElo "1273"]
[PlyCount "61"]
[EventDate "2001.12.27"]
[EventType "team"]
[EventRounds "7"]
[EventCountry "GER"]
[SourceTitle "EXT 2003"]
[Source "ChessBase"]
[SourceDate "2002.11.25"]
[SourceVersion "1"]
[SourceVersionDate "2002.11.25"]
[SourceQuality "1"]

1. d4 e6 2. e4 d5 3. e5 c5 4. c3 Nc6 5. Nf3 Qb6 6. Na3 cxd4 7. cxd4 Bb4+ 8. Bd2 Nxd4 9. Nxd4 Qxd4 10. Bb5+ Bd7 11. Bxd7+ Kxd7 12. Bxb4 Qxb4+ 13. Qd2 Qxd2+ 14. Kxd2 Ne7 15. Rac1 Rac8 16. f4 a6 17. b4 b5 18. Nc2 Nc6 19. a3 h5 20. Kd3 g6 21. Nd4 Nxd4 22. Kxd4 Rxc1 23. Rxc1 Rc8 24. Rxc8 Kxc8 25. h3 Kd7 26. g4 hxg4 27. hxg4 Kc6 28. g5 Kb6 29. Ke3 a5 30. Kd4 axb4 31. axb4 1/2-1/2

[Event "NRW-chT U12"]
[Site "Hagen"]
[Date "2001.03.11"]
[Round "3.1"]
[White "Verhorst, Andreas"]
[Black "Schlomberg, Christoph"]
[Result "1-0"]
[WhiteElo "1018"]
[BlackElo "1066"]
[PlyCount "95"]
[EventDate "2001.03.??"]
[EventType "team"]
[EventRounds "3"]
[EventCountry "GER"]
[SourceTitle "EXT 2003"]
[Source "ChessBase"]
[SourceDate "2002.11.25"]
[SourceVersion "1"]
[SourceVersionDate "2002.11.25"]
[SourceQuality "1"]

1. e4 d5 2. f3 dxe4 3. fxe4 Nf6 4. Nc3 e6 5. d4 Bb4 6. e5 Ne4 7. Qd3 Bxc3+ 8. bxc3 f5 9. exf6 Nxf6 10. Ba3 Nc6 11. Nf3 Qd5 12. c4 Qe4+ 13. Be2 Qxd3 14. cxd3 Bd7 15. 0-0 0-0-0 16. Bb2 Rdg8 17. Ne5 Rf8 18. Ba3 Re8 19. Rf4 Rhg8 20. g4 h6 21. Raf1 Nh7 22. Rf7 Nxe5 23. dxe5 Ng5 24. Rf8 Rgxf8 25. Rxf8 Rxf8 26. Bxf8 Nh3+ 27. Kg2 Nf4+ 28. Kf3 Ng6 29. Bxg7 Bc6+ 30. Kg3 Kd7 31. h4 Ke7 32. Bf6+ Kf7 33. h5 Ne7 34. Bxe7 Kxe7 35. Kf4 b5 36. d4 bxc4 37. Bxc4 Be8 38. d5 exd5 39. Bxd5 c5 40. Bc4 a5 41. a4 Bxa4 42. g5 hxg5+ 43. Kxg5 Bc2 44. h6 Kf8 45. Kf6 a4 46. e6 Ke8 47. e7 Bb3 48. Bb5# 1-0